00329pab a2200121 454500008004000000100001800040245007200058260000900130300001300139362001100152650001000163773003400173180718b2011 xxu||||| |||| 00| 0 eng d aRaman, Nithya aThe board and the bank:; Changing policies towards slums in Chennai c2011 ap.74-80. a30 Jul aSlums aEconomic and Political Weekly